000 00347cam a22001217a 4500
008 180718b1971 xxu||||| |||| 00| 0 eng d
082 _aXA x42 Un3
245 _aNew life in old towns
_cBy HMSO
260 _aLondon
_bHMSO
_c1971
300 _a212p.
650 _aCity planning -- England -- Nelson
650 _aCity planning -- England -- Rawtenstall
999 _c415032
_d415032